| 000 | 00346nam a2200109 a 4500 | ||
|---|---|---|---|
| 001 | 000044854 | ||
| 005 | 20201002045700.0 | ||
| 008 | 150114s1900 000 spa d | ||
| 040 |
_aDO-SdBNP _bspa _cBNPHU |
||
| 245 | 0 | _aConvención sobre la eliminación de todas las formas de discriminación contra la mujer. | |
| 260 |
_aNew York, : _bUNICEF, _c1900? |
||
| 999 |
_c44343 _d44343 |
||